000 00610nam a2200217Ia 4500
005 20250923145533.0
008 008 250917s9999 xx 000 0 eng d
037 _aTextual
040 _aDSWL
_beng
_cDSWL
041 _aeng
_2eng
084 _aY57:7:251:g, N81
_qDSWL
100 _aMisra, G.K.
_9836343
245 0 _aResettlement policies in Delhi
_c by G.K. Gupta Misra
260 _aNew
_bDelhi I.I.P.A.
_c1981
300 _axx,273 p.
365 _aINR
_b90
700 _a R. Gupta
_9836344
925 _g90
942 _cTEXL
_hY57:7:251:g, N81
999 _c1452594
_d1452594